000 00287nam a22001337a 4500
008 170714b xxu||||| |||| 00| 0 eng d
020 _a9780268017590
041 _aeng
080 _a17
100 _a24
101 _aFIL
245 _aA SHORT OF ETHICS
_cMACINTYRE,A
942 _2udc
_cBK
999 _c20790
_d20790